000 00725nam a22001937a 4500
999 _c169201
_d169201
005 20191107165849.0
010 _aUR-10581
020 _c80.00
_a818088063X
035 _aU-9136
037 _bDBAD/PUB
_a-
082 _a270.566
100 _aسيد عبد الا علی مو د و د ی
245 _aا سلا م ا و ر ضبط و لا د ت
_cسيد عبد الا علی مو د و د ی
246 _bIslam Aur Zabt Wiladat (Urdu)
_aSyed Abul Aala Modudi
260 _aN.Delhi
_bMarkazi Maktaba Islami Publishers
_c2013 ء
270 _aD-307,Dawat Nagar,Abul Fazal Enclave,Jamia Nagar,
_bN.Delhi
_e110025
_k26971652
_l-
300 _a158ص
_c22 Cm(Hb)
942 _2ddc
_cUR
_h270.566
_mا ب و